00985nam a22002537a 4500003000500000005001700005008004100022010001000063011001000073035001100083040000900094100002700103245019400130260004000324300004200364502010900406530003600515650001600551650002300567650002300590650002700613650002700640856006400667CHAP20220329143331.0080911s2008 mx a r 00010 spa d a95116 a96088 a106729 cCHAP1 aSanchez Alvarez, Pedro10aEfectividad de antievaporantes de la solución usada en trampas de moscas de la fruta, ubicadas en un huerto de zapote blanco en Texcoco, Estado de Méxicoc/por Pedro Sánchez Álvarez aChapingo, Méx. :bEl autor,c2008 avi, 72 h. :bilus., gráfs., cuadros aTesis (Ing. Agr. Esp. en Parasitología Agrícola) -- UACH. Departamento de Parasitología Agrícola aTambién disponible en línea14aAnastrepha.14aControl de plagas.14aMosca de la fruta.14aTrampas para insectos.14aZapote blancoxPlagas. 3Finding aiduhttp://10.13.5.2/tesis/106729.pdfzTeclea aqui